| 000 | 00000nam 2200000zi 4500 |
| 001 | 9.938137 |
| 003 | CaOODSP |
| 005 | 20240724152144 |
| 006 | m o d f |
| 007 | cr |n||||||||| |
| 008 | 240506s2014 oncd ob f|0| 0 eng d |
| 040 | |aCaOODSP|beng|erda|cCaOODSP |
| 043 | |an-cn--- |
| 086 | 1 |aA104-606/2014E-PDF |
| 245 | 00|aTargeted surveys report : |b2013-2014 - allergens : undeclared soy and gluten in infant cereal. |
| 246 | 10|aUndeclared soy and gluten in infant cereal |
| 264 | 1|a[Ottawa] : |bCanadian Food Inspection Agency = Agence canadienne d'inspection des aliments, |c[2014] |
| 300 | |a1 online resource (11 pages) : |bcharts |
| 336 | |atext|btxt|2rdacontent |
| 337 | |acomputer|bc|2rdamedia |
| 338 | |aonline resource|bcr|2rdacarrier |
| 500 | |aIssued also in French under title: Enquêtes ciblées rapport : 2013-2014 - allergènes : présence non déclarée de soja et de gluten dans les céréales pour nourrissons. |
| 504 | |aIncludes bibliographical references (page 11). |
| 650 | 0|aBaby foods|zCanada. |
| 650 | 0|aCereals, Prepared|zCanada. |
| 650 | 0|aSoybean products|zCanada. |
| 650 | 0|aFood|xGluten content|zCanada. |
| 650 | 0|aAllergens|zCanada|xAnalysis. |
| 650 | 0|aBaby foods|xContamination|zCanada. |
| 650 | 0|aFood adulteration and inspection|zCanada. |
| 710 | 2 |aCanadian Food Inspection Agency, |eissuing body. |
| 775 | 08|tEnquêtes ciblées rapport : |w(CaOODSP)9.940997 |
| 856 | 40|qPDF|s613 KB|uhttps://publications.gc.ca/collections/collection_2024/acia-cfia/A104-606-2014-eng.pdf |